000 00476nam a2200157Ia 4500
003 IN-BaIIA
008 211028s9999 xx 000 0 eng d
040 _cIIA Library
100 _aRadio, Craft
_92274
245 0 _aRadio test instruments [radio craft lib.no. 36]
_cCraft Radio
260 _aNew York
_bRadio Craft Publishers
_c1947
300 _a64p.
650 _aInstruments
_92005
650 _aRadio test
_92275
942 _cBK
999 _c1059
_d1059